| 000 | 01933nam a2200517 i 4500 | ||
|---|---|---|---|
| 001 | 25694 | ||
| 003 | KOSZ 005 | ||
| 005 | 20200708095820.0 | ||
| 008 | 200426s1973 pl a f 001 0 pol | ||
| 015 | _aUWD 1973/7773 | ||
| 035 | _a991034076029705066 | ||
| 035 | _a(PL-WaBN)b19117292-48omnis_nlop | ||
| 035 | _ab19117292 | ||
| 035 | _a(OCoLC)749167987 | ||
| 035 | _a(PL)b0000001911729 | ||
| 035 | _a(EXLNZ-48OMNIS_NETWORK)9910115485105606 | ||
| 040 |
_aWA N _cWA N _dKOSZ 005/RW |
||
| 046 | _k1973 | ||
| 080 | _a677 | ||
| 080 | _a621.7.08 | ||
| 080 | _a(075.8) | ||
| 245 | 0 | 0 |
_aMetrologia włókiennicza : _bpraca zbiorowa. _nT. 4 / _c[autorzy Witold Balcerowski et al. ; koordynator Wojciech Szmelter]. |
| 260 |
_aWarszawa : _bWydawnictwa Naukowo Techniczne, _c1973. |
||
| 300 |
_a399, [1] stron, [1] karta tablic : _bilustracje ; _c25 cm. |
||
| 336 |
_aTekst _btxt _2rdacontent |
||
| 337 |
_aBez urządzenia pośredniczącego _bn _2rdamedia |
||
| 338 |
_aWolumin _bnc _2rdacarrier |
||
| 380 | _aKsiążki | ||
| 380 | _aPublikacje fachowe | ||
| 380 | _aPublikacje dydaktyczne | ||
| 388 | _a1901-2000 | ||
| 388 | _a1945-1989 | ||
| 504 | _aBibliografia przy rozdziałach. Indeks. | ||
| 521 | 8 | _aPodręcznik dla studentów wydziału włókienniczego politechniki oraz książka pomocnicza dla personelu inżynieryjno-technicznego zatrudnionego w przemyśle włókienniczym. | |
| 650 | 7 |
_aWłókiennictwo _2DBN |
|
| 650 | 7 | _aPomiary | |
| 655 | 7 |
_aPodręczniki akademickie _2DBN |
|
| 655 | 7 | _aPraca zbiorowa | |
| 658 | _aInżynieria i technika | ||
| 700 | 1 |
_aBalcerowski, Witold _eAutor |
|
| 700 | 1 |
_aSzmelter, Wojciech _d(1924-2007) _eRedakcja |
|
| 710 | 2 |
_aWydawnictwa Naukowo-Techniczne _4pbl |
|
| 856 |
_uhttp://koha.tu.koszalin.pl/cgi-bin/koha/opac-detail.pl?biblionumber=25694 _yKatalog online BPK |
||
| 942 |
_2UKD _cKS |
||
| 999 |
_c25694 _d25694 |
||